00437 2200157 4500001002100000035002000021245008000041100004000121260002800161300002400189020002200213084001400235082000800249650001000257990001200267INLIS000000000002723 a0010-0925000070 aWonderful Facts of Indonesia: GeograficFider Tendiardi & Ratih Widdyastuti aFider Tendiardi & Ratih Widdyastuti aJakartabErlanggac2024 a-c(19,5 x 25,5 cm) a978-623-180-560-7 a813 FID w a813 aFiksi a0754925